000
00285nam a22001337a 4500
003
SGT
082
_a
615.53
_b
T14KH
100
_a
KHANDELWAL,S.N
245
_a
TANTRA ME AYURVEDA
260
_a
VARANASI
_b
CHAUKHAMBHA PUB
_c
2014
300
_a
260
650
_a
AYURVEDA
942
_2
ddc
_c
BK
_0
1
999
_c
8558
_d
8558